Diagnostic imaging chest

Bibliographic Details
Main Author: Rosado de Christenson, Melissa L. (Author)
Format: Book
Language:English
Published: Salt Lake City, Utah : Amirsys , c2012
Edition:2nd ed
Series:Diagnostic imaging
Subjects:

MARC

LEADER 00000cam a2200000 7i4500
001 0000080421
005 20200618093000.0
008 120711s2012 utu eng
020 |a 9781931884754 
050 0 0 |a RC941   |b .D53 2012 
060 1 0 |a WF 975   |b D536 2012 
090 0 0 |a RC941   |b .D53 2012 
245 0 0 |a Diagnostic imaging chest   |c Melissa L. Rosado de Christenson ... [et al.] 
250 |a 2nd ed 
260 |a Salt Lake City, Utah :   |b Amirsys ,   |c c2012 
300 |a 1 v. (various pagings) :   |b ill. (some col.) ;   |c 29 cm. 
490 1 |a Diagnostic imaging 
500 |a Rev. ed. of: Diagnostic imaging. Chest / Jud W. Gurney ...[et al.]. 1st ed. c2006 
504 |a Includes bibliographical references and index 
505 0 |a 1. Overview of chest imaging -- 2. Developmental abnormalities -- 3. Airway diseases -- 5. Infections -- 6. Pulmonary neoplasms -- 7. Interstitial, diffuse, inhalational lung disease -- 8. Connective tissue disorders, immunological diseases, and vasculitis -- 9. Mediastinal abnormalities -- 10. Cardiovascular disorders -- 12. Trauma -- 13. Post-treatment chest -- 14. Pleural diseases -- 15. Chest wall and diaphragm 
650 0 |a Chest   |x Imaging 
650 1 2 |a Radiography, Thoracic 
650 1 2 |a Thoracic Diseases   |x radiography 
650 2 2 |a Diagnostic imaging 
650 2 2 |a Diagnostic Imaging   |x methods 
700 1 |a Rosado de Christenson, Melissa L. ,   |e author 
999 |a 1000149763   |b Book   |c OPEN SHELF (30 DAYS)   |e Gong Badak Campus